[Event "AUTO-INT-3162"]
[Site "http://www.queenalice.com/game.php?id=1458780"]
[Date "2017.1.10"]
[Round "2"]
[White "Armynavyclub"]
[Black "Jackzapo"]
[Result "1-0"]
[WhiteElo "1869"]
[BlackElo "1771"]

1. e4 c5 2. Nf3 Nc6 3. d4 cxd4 4. Nxd4 Qc7 5. Nc3 e6 6. a3 a6 7. Be2 d6 8. O-O
Nf6 9. Be3 Be7 10. Rc1 O-O 11. Qd2 b5 12. f4 Bb7 13. f5 Nxd4 14. Qxd4 e5 15. Qd2
Bxe4 16. Nxe4 Nxe4 17. Qd1 Rac8 18. Bd3 Nc5 19. Be2 Rfd8 20. g4 Ne4 21. Rf3 d5
22. c3 f6 23. Bd3 Nc5 24. Bb1 Kh8 25. h4 e4 26. Rh3 a5 27. b4 Nd3 28. Bxd3 exd3
29. Qxd3 Kg8 30. Kg2 axb4 31. axb4 Qc6 32. Bd4 Qc7 33. Re1 Re8 34. Qxb5 Qf4 35.
Qxd5+ Kf8 36. Qf3 Qd6 37. Rd1 Qc7 38. Rhh1 Ra8 39. Rhf1 Ra2+ 40. Rf2 Rea8 41.
Rdd2 R2a3 42. Qe4 Bxb4 43. Rb2 Bxc3 44. Rb7 Qd6 45. Be3 Be5 46. Qc4 Qe7 47. Rxe7
Kxe7 48. Qe6+ Kd8 49. Bb6+ Bc7 50. Rd2+ 1-0

[Event "AUTO-INT-3162"]
[Site "http://www.queenalice.com/game.php?id=1458781"]
[Date "2017.1.10"]
[Round "2"]
[White "PusangItim"]
[Black "Armynavyclub"]
[Result "1-0"]
[WhiteElo "2036"]
[BlackElo "1783"]

1. e4 e5 2. Nf3 Nc6 3. Bc4 h6 4. Nc3 Nf6 5. a3 Be7 6. d3 O-O 7. O-O d6 8. h3 Na5
9. Ba2 c5 10. Be3 Nc6 11. Nd5 Be6 12. c4 a6 13. b4 Nd4 14. Nxd4 cxd4 15. Nxe7+
Qxe7 16. Bd2 Rac8 17. f4 b5 18. f5 Bd7 19. Rc1 bxc4 20. dxc4 Rc6 21. Qe2 Rfc8
22. b5 axb5 23. cxb5 Rxc1 24. Rxc1 Rxc1+ 25. Bxc1 Kh7 26. Qc4 Be8 27. a4 Nxe4
28. Bb1 Nf6 29. a5 d5 30. Qb3 g6 31. Ba3 Qc7 32. fxg6+ fxg6 33. b6 Qc4 34. Qxc4
dxc4 35. a6 Nd7 36. b7 1-0

[Event "AUTO-INT-3162"]
[Site "http://www.queenalice.com/game.php?id=1458782"]
[Date "2017.1.10"]
[Round "2"]
[White "Armynavyclub"]
[Black "PusangItim"]
[Result "0-1"]
[WhiteElo "1777"]
[BlackElo "2042"]

1. e4 e5 2. Nf3 d6 3. Bc4 h6 4. Nc3 Nf6 5. h3 Be7 6. d4 Nbd7 7. dxe5 Nxe5 8. Bb3
O-O 9. O-O Nxf3+ 10. Qxf3 Be6 11. Nd5 c6 12. Nxe7+ Qxe7 13. Bf4 Bxb3 14. cxb3
Qxe4 15. Bxd6 Qxf3 16. gxf3 Rfe8 17. Rfe1 Nd5 18. Re4 f5 19. Re5 Rxe5 20. Bxe5
Re8 21. f4 g5 22. Kg2 Nxf4+ 23. Bxf4 gxf4 24. Kf3 Kf7 25. Kxf4 Re2 26. Kf3 Rxb2
27. Kg3 b5 28. f4 c5 29. h4 h5 30. Kf3 Rc2 31. a4 b4 32. Rb1 a5 33. Kg3 c4 34.
bxc4 Rxc4 35. Rd1 Ke6 36. Re1+ Kf6 37. Ra1 Rc3+ 38. Kg2 Ra3 0-1

[Event "Challenge"]
[Site "http://www.queenalice.com/game.php?id=1463907"]
[Date "2017.2.11"]
[Round "-"]
[White "thbn"]
[Black "Armynavyclub"]
[Result "0-1"]
[WhiteElo "1755"]
[BlackElo "1833"]

1. e4 e6 2. Nf3 d5 3. exd5 exd5 4. d4 Nf6 5. Nc3 Be7 6. Bf4 c6 7. Be2 Be6 8. O-O
Nbd7 9. Re1 O-O 10. Bd3 Nh5 11. Qd2 Nxf4 12. Qxf4 Nf6 13. Ng5 Bd7 14. Qh4 h6 15.
Nf3 Ne4 16. Qf4 f5 17. Qe3 Bf6 18. Rab1 Qc7 19. Nd2 Rae8 20. Ncxe4 fxe4 21. Bf1
Bg5 22. Qe2 b6 23. c3 Qf4 24. g3 Qxd2 25. Rbd1 Qxe2 26. Bxe2 Bh3 27. Bh5 Re6 28.
b3 Ref6 29. Re2 g6 30. Ree1 gxh5 31. Kh1 Rxf2 32. Rg1 Rxa2 33. Rc1 Rff2 34. Rcf1
Rxh2# 0-1

[Event "Challenge"]
[Site "http://www.queenalice.com/game.php?id=1464992"]
[Date "2017.2.16"]
[Round "-"]
[White "thbn"]
[Black "Armynavyclub"]
[Result "0-1"]
[WhiteElo "1752"]
[BlackElo "1846"]

1. e4 e6 2. Nf3 d5 3. exd5 exd5 4. d4 Nf6 5. Nc3 Be7 6. Bg5 Bg4 7. Be2 O-O 8.
O-O c6 9. Re1 Nbd7 10. Nh4 Be6 11. Bd3 h6 12. Be3 Ng4 13. Be2 Nxe3 14. fxe3 Bxh4
15. Rf1 Qe8 16. e4 Nb6 17. Rb1 Rd8 18. exd5 Nxd5 19. Ne4 Ne3 20. Qd2 Nxf1 21.
Rxf1 Bd5 22. Nf2 Bxf2+ 23. Rxf2 Rd6 24. Bd3 Re6 25. Rf1 Qe7 26. c4 Be4 27. Bxe4
Rxe4 28. b3 Re2 29. Qd1 Re8 30. Qd3 Rxa2 31. h3 Qe2 32. Qf5 Qxg2# 0-1

[Event "AUTO-INT-3196"]
[Site "http://www.queenalice.com/game.php?id=1473996"]
[Date "2017.4.18"]
[Round "2"]
[White "Armynavyclub"]
[Black "titi93"]
[Result "1-0"]
[WhiteElo "1901"]
[BlackElo "1518"]

1. e4 e5 2. Nf3 Nc6 3. Bc4 h6 4. a3 Bc5 5. b4 Bb6 6. Bb2 d6 7. h3 Nf6 8. d3 Ne7
9. Nc3 Bd7 10. O-O a6 11. Ne2 c5 12. c3 Ng6 13. Qc2 O-O 14. d4 cxd4 15. cxd4 Nh5
16. Rfd1 1-0

[Event "AUTO-INT-3196"]
[Site "http://www.queenalice.com/game.php?id=1473997"]
[Date "2017.4.18"]
[Round "2"]
[White "titi93"]
[Black "Armynavyclub"]
[Result "0-1"]
[WhiteElo "1520"]
[BlackElo "1899"]

1. e4 e6 2. Bb5 c6 3. Bc4 d5 4. exd5 exd5 5. Bb3 Nf6 6. d4 Be7 7. a3 Bf5 8. h3
O-O 9. Bf4 Bd6 10. Qd2 Re8+ 11. Ne2 Ne4 12. Qe3 Nc5 13. Qg3 Bxf4 14. Qxf4 Nxb3
15. cxb3 Bd3 0-1

[Event "AUTO-OPEN-3791"]
[Site "http://www.queenalice.com/game.php?id=1474276"]
[Date "2017.4.20"]
[Round "1"]
[White "rodrigofortes"]
[Black "Armynavyclub"]
[Result "1-0"]
[WhiteElo "1784"]
[BlackElo "1869"]

1. Nf3 d5 2. d4 Nf6 3. Bf4 e6 4. Nc3 a6 5. Qd3 Be7 6. O-O-O Nbd7 7. Be5 Ng4 8.
Bxg7 Rg8 9. Qxh7 Ndf6 10. Bxf6 Kd7 11. Bxe7 Kxe7 12. Qh4+ Nf6 13. e4 Rg4 14.
Nxd5+ 1-0

[Event "AUTO-OPEN-3791"]
[Site "http://www.queenalice.com/game.php?id=1474277"]
[Date "2017.4.20"]
[Round "1"]
[White "Armynavyclub"]
[Black "rodrigofortes"]
[Result "1-0"]
[WhiteElo "1850"]
[BlackElo "1829"]

1. e4 c5 2. Nf3 d6 3. d4 Nf6 4. dxc5 Nxe4 5. cxd6 Nxd6 6. Bd3 Qa5+ 7. c3 e5 8.
Nbd2 g6 9. O-O Qd5 10. Nb3 e4 11. Re1 Bf5 12. Nfd4 h5 13. Nxf5 Qxf5 14. Bxe4
Nxe4 15. Qd4 Qxf2+ 16. Qxf2 f5 17. Qd4 Bc5 18. Nxc5 1-0

[Event "AUTO-OPEN-3791"]
[Site "http://www.queenalice.com/game.php?id=1474300"]
[Date "2017.4.20"]
[Round "1"]
[White "CCapivara"]
[Black "Armynavyclub"]
[Result "1-0"]
[WhiteElo "2121"]
[BlackElo "1875"]

1. e4 e6 2. d4 d5 3. exd5 exd5 4. Nf3 Nf6 5. Bd3 Be7 6. O-O Nc6 7. c3 O-O 8. Bg5
h6 9. Bh4 Bg4 10. Nbd2 Re8 11. Qa4 a6 12. Ne5 Nxe5 13. dxe5 Bd7 14. Qc2 Nh5 15.
Bxe7 Qxe7 16. f4 Qh4 17. Bf5 Bb5 18. Rf3 Nxf4 19. g3 Ne2+ 20. Kg2 Qg5 21. h4 Qe7
22. Re1 g6 23. Bd3 Qxe5 24. Kf2 Bxd3 25. Qxd3 Qd6 26. Rxe2 Qb6+ 27. Kg2 Qxb2 28.
Rxe8+ Rxe8 29. Qxd5 Rf8 30. Kh3 c6 31. Qd4 Qxa2 32. Ne4 Qe6+ 33. Kg2 f5 34. Nc5
Qe2+ 35. Rf2 Qe7 36. Nd3 Rd8 37. Qc4+ Kh7 38. Nf4 Rd7 39. h5 1-0

[Event "AUTO-OPEN-3791"]
[Site "http://www.queenalice.com/game.php?id=1474301"]
[Date "2017.4.20"]
[Round "1"]
[White "Armynavyclub"]
[Black "CCapivara"]
[Result "0-1"]
[WhiteElo "1879"]
[BlackElo "2189"]

1. e4 d6 2. d4 Nf6 3. Nc3 c6 4. Nf3 Bg4 5. Be2 Nbd7 6. h3 Bh5 7. Be3 e5 8. dxe5
dxe5 9. O-O Bb4 10. Bg5 Bxc3 11. bxc3 Qa5 12. Bxf6 Nxf6 13. Bd3 Qxc3 14. g4 Bg6
15. Re1 Rd8 16. Qe2 O-O 17. Rab1 b5 18. Rb3 Qc5 19. Nh4 a5 20. Kg2 a4 21. Rbb1
Rd4 22. Nf3 Rd7 23. Nh4 Rfd8 24. Nxg6 hxg6 25. Kg3 Qa3 26. f3 Qxa2 27. Red1 Rxd3
28. Rxd3 Rxd3 29. Qxd3 Qxb1 30. Qc3 b4 31. Qxe5 a3 0-1

[Event "AUTO-OPEN-3791"]
[Site "http://www.queenalice.com/game.php?id=1474316"]
[Date "2017.4.20"]
[Round "1"]
[White "Armynavyclub"]
[Black "serinha"]
[Result "0-1"]
[WhiteElo "1886"]
[BlackElo "2135"]

1. e4 g6 2. d4 Bg7 3. Nf3 d6 4. Bc4 Nf6 5. Nc3 O-O 6. O-O Nxe4 7. Nxe4 d5 8. Bd3
dxe4 9. Bxe4 Nd7 10. c3 Nf6 11. Bc2 b6 12. h3 Bb7 13. Bf4 c5 14. Qe2 Bxf3 15.
Qxf3 cxd4 16. Rad1 Qd5 17. Qe2 Qxa2 18. cxd4 Qxb2 19. Rd2 Nd5 20. Be3 Nc3 21.
Qf3 Qb4 22. Rd3 Rac8 23. Rc1 Rfd8 24. Qb7 Ne2+ 0-1

[Event "AUTO-OPEN-3791"]
[Site "http://www.queenalice.com/game.php?id=1474317"]
[Date "2017.4.20"]
[Round "1"]
[White "serinha"]
[Black "Armynavyclub"]
[Result "1-0"]
[WhiteElo "2165"]
[BlackElo "1886"]

1. e4 e6 2. d4 d5 3. Nc3 dxe4 4. Nxe4 Nf6 5. Nxf6+ Qxf6 6. Bd3 Bd6 7. Nf3 h6 8.
O-O Nc6 9. Re1 O-O 10. c4 Kh8 11. Be3 Bb4 12. Re2 Rd8 13. Bc2 Bf8 14. Qd3 g6 15.
Qb3 Bg7 16. Rae1 b6 17. Be4 Bb7 18. Qa4 Na5 19. Bxb7 Nxb7 20. c5 Qe7 21. b4 Qe8
22. Qa6 Rdb8 23. Bf4 Qd7 24. d5 bxc5 25. dxe6 fxe6 26. Rxe6 cxb4 27. Re7 Qd5 28.
Qxg6 1-0

[Event "AUTO-ADV-3819"]
[Site "http://www.queenalice.com/game.php?id=1474372"]
[Date "2017.4.20"]
[Round "1"]
[White "CharlyVince"]
[Black "Armynavyclub"]
[Result "0-1"]
[WhiteElo "1812"]
[BlackElo "1865"]

1. Nf3 d5 2. d4 Nf6 3. h3 e6 4. a3 Be7 5. Bf4 b6 6. e3 O-O 7. c4 Bb7 8. cxd5
Nxd5 9. Bh2 Nd7 10. Be2 c5 11. dxc5 Nxc5 12. O-O Bf6 13. Be5 Bxe5 14. Nxe5 Rc8
15. Nf3 Qf6 16. Nc3 Nxc3 17. bxc3 Qxc3 18. Qd2 Qf6 19. Rab1 Ne4 20. Qb4 Nc3 21.
Rbe1 Nxe2+ 22. Rxe2 Ba6 23. Ree1 Bxf1 24. Kxf1 Rfd8 25. Kg1 Qc3 26. Qxc3 Rxc3
27. a4 Ra3 0-1

[Event "AUTO-ADV-3819"]
[Site "http://www.queenalice.com/game.php?id=1474373"]
[Date "2017.4.20"]
[Round "1"]
[White "Armynavyclub"]
[Black "CharlyVince"]
[Result "1-0"]
[WhiteElo "1881"]
[BlackElo "1594"]

1. e4 e6 2. d4 d5 3. Nd2 dxe4 4. Nxe4 Nf6 5. Nxf6+ Qxf6 6. Nf3 Bd6 7. Bd3 h6 8.
Be3 O-O 9. O-O Nc6 10. c3 Qd8 11. Qd2 Be7 12. Rad1 Nb8 13. Ne5 Nd7 14. f4 Nf6
15. f5 exf5 16. Bxf5 Bxf5 17. Rxf5 Ne4 18. Qd3 Nd6 19. Rf3 Bg5 20. Rdf1 Bxe3+
21. Qxe3 Qe7 22. b3 Rae8 23. Qd3 Qd8 24. Rg3 Re6 25. c4 Ne8 26. Re3 c6 27. Rd1
Nf6 28. h3 Rfe8 29. Qf5 Qd6 30. Red3 Qe7 31. a4 Nd7 32. Nxd7 1-0

[Event "AUTO-ADV-3819"]
[Site "http://www.queenalice.com/game.php?id=1474388"]
[Date "2017.4.20"]
[Round "1"]
[White "saida"]
[Black "Armynavyclub"]
[Result "0-1"]
[WhiteElo "1796"]
[BlackElo "1942"]

1. d4 d5 2. c4 e6 3. Nf3 Nf6 4. Bg5 Be7 5. Bxf6 Bxf6 6. e3 O-O 7. Be2 c6 8. O-O
Nd7 9. Nc3 Be7 10. Re1 Nf6 11. Rb1 Bd7 12. c5 b6 13. cxb6 axb6 14. Ne5 Be8 15.
Qb3 c5 16. Red1 c4 17. Qc2 b5 18. f4 b4 19. Ng4 bxc3 20. bxc3 Nxg4 21. Bxg4 Ba4
0-1

[Event "AUTO-ADV-3819"]
[Site "http://www.queenalice.com/game.php?id=1474389"]
[Date "2017.4.20"]
[Round "1"]
[White "Armynavyclub"]
[Black "saida"]
[Result "1-0"]
[WhiteElo "1886"]
[BlackElo "1817"]

1. e4 e5 2. Nf3 Nc6 3. Bc4 Nf6 4. Nc3 Bc5 5. a3 a6 6. d3 Ng4 7. O-O O-O 8. Qe2
d6 9. Be3 Bxe3 10. fxe3 Nf6 11. h3 Re8 12. Rad1 b5 13. Ba2 Bb7 14. Ng5 Ne7 15.
Nxf7 1-0

[Event "AUTO-ADV-3819"]
[Site "http://www.queenalice.com/game.php?id=1474398"]
[Date "2017.4.20"]
[Round "1"]
[White "Gosiulkaa"]
[Black "Armynavyclub"]
[Result "0-1"]
[WhiteElo "1992"]
[BlackElo "1923"]

1. e4 e6 2. Nf3 d5 3. exd5 exd5 4. d4 Nf6 5. Nc3 Bg4 6. Bg5 Bb4 7. Be2 O-O 8.
O-O c6 9. Qd3 h6 10. Bxf6 Qxf6 11. h3 Bf5 12. Qd2 Nd7 13. a3 Bd6 14. Rfe1 Rfe8
15. Bd3 Bxh3 16. Rxe8+ Rxe8 17. Ne5 Nxe5 18. dxe5 Bxe5 19. gxh3 Qf3 20. Re1 Qxh3
21. Rxe5 Rxe5 22. f4 Re3 23. Bf1 Qg3+ 24. Qg2 Qxf4 25. Ne2 Qe5 26. Kh1 Qxb2 27.
Ng3 Re5 28. Qd2 Qxa3 29. Bd3 Rg5 30. Qe3 Qa1+ 31. Kh2 Re5 32. Qf4 Qe1 33. Nf5
Kf8 34. Nd6 Rh5+ 35. Kg2 Qh1+ 36. Kf2 Rh2+ 37. Ke3 Qc1+ 38. Kf3 Rf2+ 0-1

[Event "AUTO-ADV-3819"]
[Site "http://www.queenalice.com/game.php?id=1474399"]
[Date "2017.4.20"]
[Round "1"]
[White "Armynavyclub"]
[Black "Gosiulkaa"]
[Result "1-0"]
[WhiteElo "1903"]
[BlackElo "2012"]

1. e4 e5 2. Nf3 Nc6 3. Bc4 Bc5 4. Nc3 Nf6 5. a3 Nd4 6. d3 O-O 7. Nxe5 Qe7 8. Nf3
c6 9. O-O b5 10. Ba2 Re8 11. Bg5 h6 12. Be3 Nxf3+ 13. Qxf3 Bxe3 14. Qxe3 d6 15.
Rfe1 Be6 16. f4 Bxa2 17. Rxa2 a5 18. Raa1 Nd5 19. Nxd5 cxd5 20. Qd4 dxe4 21.
Rxe4 Qc7 22. c3 Rxe4 23. Qxe4 Rd8 24. Re1 Qc5+ 25. d4 Qc4 26. Qe7 Qc8 27. h3 d5
28. Qc5 Qb7 29. Re7 Rd7 30. Re8+ Kh7 31. g4 f5 32. Re5 fxg4 33. hxg4 Rf7 34. f5
g6 35. Qxd5 Qc7 36. fxg6+ Kxg6 37. Re6+ Kh7 38. Qe4+ Kg7 39. Qg6+ Kf8 40. Qxh6+
Rg7 41. Qh8+ Kf7 42. Qe8# 1-0

[Event "AUTO-ADV-3819"]
[Site "http://www.queenalice.com/game.php?id=1493916"]
[Date "2017.9.10"]
[Round "2"]
[White "Armynavyclub"]
[Black "MHRangel"]
[Result "0-1"]
[WhiteElo "1900"]
[BlackElo "1860"]

1. e4 c5 2. Nf3 Nc6 3. d4 cxd4 4. Nxd4 d5 5. Nc3 dxe4 6. Bb5 Nf6 7. Nxc6 bxc6 8.
Bxc6+ Bd7 9. Bxd7+ Qxd7 10. Qxd7+ Nxd7 0-1